Reliez le dessin animé à son personnage #1 Click - Statistiques

Statistiques générales
  • Ce quiz a été pris 190 fois
  • Le résultat moyen est 13 sur 25
Statistiques - réponses
Hint Réponse % Correct
M. Krabs Bob l'éponge
90%
Sac à Dos Dora l'exploratrice
85%
Franklin Turtle Franklin
84%
Michelangelo Les Tortues Ninja
84%
Petit-Tonnerre Yakari
84%
Eliza Delajungle La Famille Delajungle
81%
Vera Dinkley Scooby-Doo
78%
Chips Fish 'n' Chips
71%
Marina la sirène Zig et Sharko
69%
Bloom Winx Club
65%
Jerry Lewis Totally Spies!
59%
Marine Les Sisters
57%
Adrien Dubouchon Tom-Tom et Nana
41%
Ralph Wiggum Les Simpson
38%
Marty Madagascar
38%
Cosmo Mes parrains sont magiques
38%
Aelita Schaeffer Code Lyoko
37%
Gwen Tennyson Ben 10
36%
Diana Lombard Martin Mystère
33%
Miss Minchin Princesse Sarah
28%
Sac a main Famille Pirate
25%
Jack, Dee Dee Oggy et les Cafards
22%
Candy Hector Car Les Zinzins de l'espace
16%
Big Z Les Rois de la glisse
15%
Famille Laquille Oui-Oui
14%
Aucun quiz correspondant
Distribution des résultats
% des personnes avec chaque résultat
Percentile par nombre de réponses
Votre historique - résultats
Vous n’avez pas pris ce quiz